Statistics for List of Every City in the Portland-Vancouver-Salem CSA

Click here to take the quiz!

General Stats

  • This quiz has been taken 9 times
  • The average score is 37 of 103

Answer Stats

#CountyPopulationAnswer% Correct
6Washington99,772Beaverton
100%
4Multnomah110,097Gresham
100%
1Clackamas, Multnomah, Washington619,286Portland
100%
3Marion, Polk181,620Salem
100%
2Clark194,384Vancouver
100%
9Linn57,289Albany
75%
7Benton60,199Corvallis
75%
21Washington25,943Forest Grove
75%
15Clackamas29,227Happy Valley
75%
5Washington106,058Hillsboro
75%
11Marion38,760Keizer
75%
25Linn19,981Lebanon
75%
12Cowlitz37,712Longview
75%
14Yamhill35,159McMinnville
75%
24Clackamas20,624Milwaukie
75%
22Yamhill25,529Newberg
75%
13Clackamas36,975Oregon City
75%
73Columbia1,919Rainier
75%
33Columbia14,622St. Helens
75%
8Washington57,344Tigard
75%
17Washington26,858Tualatin
75%
18Clackamas26,583West Linn
75%
20Marion26,180Woodburn
75%
76Yamhill1,777Amity
50%
54Marion4,240Aumsville
50%
23Clark21,655Battle Ground
50%
16Clark28,265Camas
50%
27Clackamas18,064Canby
50%
28Polk17,966Dallas
50%
101Marion180Detroit
50%
41Polk10,549Independence
50%
60Marion3,319Jefferson
50%
35Cowlitz12,727Kelso
50%
10Clackamas, Multnomah, Washington39,681Lake Oswego
50%
38Polk11,244Monmouth
50%
58Marion3,411Mount Angel
50%
47Benton6,155Philomath
50%
30Clark16,720Ridgefield
50%
26Washington19,951Sherwood
50%
40Marion10,687Silverton
50%
45Marion8,121Stayton
50%
79Skamania1,656Stevenson
50%
63Marion2,940Sublimity
50%
19Clackamas26,298Wilsonville
50%
83Yamhill1,171Yamhill
50%
84Marion1,158Aurora
25%
68Cowlitz2,438Castle Rock
25%
77Columbia1,760Clatskanie
25%
71Columbia1,959Columbia City
25%
32Washington14,833Cornelius
25%
39Clackamas10,878Damascus
25%
64Yamhill2,710Dayton
25%
88Marion1,014Donald
25%
36Multnomah11,934Fairview
25%
85Polk1,084Falls City
25%
65Marion2,595Gervais
25%
37Clackamas11,914Gladstone
25%
55Linn3,714Harrisburg
25%
57Marion3,434Hubbard
25%
62Cowlitz3,110Kalama
25%
52Clark4,521La Center
25%
53Yamhill4,433Lafayette
25%
56Linn3,703Millersburg
25%
42Clackamas10,157Molalla
25%
87Skamania1,030North Bonneville
25%
44Columbia8,146Scappoose
25%
96Marion429St. Paul
25%
43Linn10,156Sweet Home
25%
81Linn1,233Tangent
25%
31Multnomah15,287Troutdale
25%
67Marion2,442Turner
25%
29Clark16,835Washougal
25%
69Polk, Yamhill2,288Willamina
25%
46Cowlitz, Clark6,548Woodland
25%
80Clark1,626Yacolt
25%
86Benton1,035Adair Village
0%
75Washington1,813Banks
0%
103Clackamas139Barlow
0%
78Linn1,714Brownsville
0%
70Yamhill2,252Carlton
0%
61Yamhill3,218Dundee
0%
74Washington1,871Durham
0%
49Clackamas5,347Estacada
0%
93Washington670Gaston
0%
98Linn, Marion393Gates
0%
90Linn948Halsey
0%
102Marion, Linn161Idanha
0%
94Clackamas545Johnson City
0%
50Washington4,982King City
0%
82Linn1,201Lyons
0%
91Multnomah794Maywood Park
0%
72Linn, Marion1,943Mill City
0%
92Benton684Monroe
0%
59Washington3,388North Plains
0%
95Clackamas538Rivergrove
0%
34Clackamas12,907Sandy
0%
89Linn951Scio
0%
97Marion425Scotts Mills
0%
51Yamhill4,690Sheridan
0%
99Linn365Sodaville
0%
66Columbia2,460Vernonia
0%
100Linn222Waterloo
0%
48Multnomah5,928Wood Village
0%

Score Distribution

Percentile by Number Answered

Percent of People with Each Score

Your Score History

You have not taken this quiz